000 00251nam a2200097Ia 4500
001 647564
005 20250826153705.0
008 250824s9999 xx 000 0 und d
245 0 _aKocakafa Nate 1/Sınıfta Tek Başına
_cLincoln Peirce
260 _bALTIN
999 _c647564
_d647564